| 000 | 01559nam a2200349 c 4500 | ||
|---|---|---|---|
| 003 | BLK | ||
| 005 | 20240712113200.0 | ||
| 008 | 180409b bul|||||r ||||||| ||bul|| | ||
| 010 | _aKNG00105008000 | ||
| 020 |
_a954-585-416-2 _bиздат.: Бард |
||
| 040 | _aBLK | ||
| 041 |
_aBUL _cBUL |
||
| 080 |
_aАнглийска литература _b821.111 _x-312.9 _z821.111-312.9 |
||
| 100 |
_aКларк, Артър Чарлс _d1917 - 2008 _9243603 |
||
| 700 | 1 |
_aДжейков, Владимир _eпрев. от англ. _9308286 |
|
| 139 |
_aКларк, Артър Чарлс _bК 63 |
||
| 245 | 1 | 0 |
_aОдисея в космоса _bРоман _cАртър Чарлс Кларк; прев. от англ. Владимир Джейков. |
| 257 | _aGBR | ||
| 260 |
_аСофия _bБард _c2003 _fХасково : Полиграфюг |
||
| 300 |
_a782 с. _c21 см |
||
| 380 | _aX | ||
| 490 | 1 | _aВелики майстори на фентъзи и фантастика | |
| 500 | _aКн. съдържа : Одисея в Космоса 2001 ; Одисея в Космоса 2010 ; Одисея в Космоса 2061 ; Одисея в Космоса 3001. - Др. прев. : Мария Донева, Живко Тодоров, Крум Бъчваров. - Офс. изд. | ||
| 653 | _aфантастика | ||
| 653 | _aромани | ||
| 852 | _aЦб 214122 | ||
| 856 | 4 |
_qpdf _u |
|
| 856 | 4 |
_qpdf _u |
|
| 942 |
_cKNG _n0 _04 |
||
| 944 |
_aCR _c01.01.2003 _k30560 _lГеновева Генчева |
||
| 944 |
_aED _c21.02.2011 _k |
||
| 999 |
_c99991 _d99991 |
||